00982 2200229 4500001002100000005001700021008004100038035002500079040001200104082001500116084002000131100001800151245029500169260005900464300003200523500008700555504002800642650003500670700001700705850001200722990001800734INLIS00000000000854720150803183143.0  a0010-071500000001230 aYOPDYOG 223a530.07 aSK 530.07 Eni E aENI Nurkayati aEfektivitas pendekatan keterampilan proses dan pendekatan konsep terhadap prestasi belajar fisika ditinjau dari perhatian orang tua dan minat belajar fisika pada pokok bahasan bunyi siswa kelas VIII semester genap SMP negeri 2 Banguntapan Bantul tahun pelajaran 2005/2006c/ Eni Nurkayawati aYogyakartabUniversitas Sarjanawiyata Tamansiswac2006 axiv, 76 lembar.c; 29,5 cm. aSkripsi Fakultas Keguruan dan Ilmu Pendidikan Universitas Sarjanawiyata Tamansiswa aBibliografi: hlm. 74-76 aFisika -- Studi dan Pengajaran aWIDODO Budhi aYOPDYOG a46968-PD/A.15